La teoría económica en retrospección (Registro nro. 1234)

Detalles MARC
000 -LEADER
fixed length control field 01428 a2200229 4500
001 - CONTROL NUMBER
control field 24910
005 - DATE AND TIME OF LATEST TRANSACTION
control field 20260407155531.0
008 - FIXED-LENGTH DATA ELEMENTS--GENERAL INFORMATION
fixed length control field 260407a1968 arg spa d
003 - CONTROL NUMBER IDENTIFIER
control field AR-UNSa-BCEJYS
040 ## - CATALOGING SOURCE
Original cataloging agency AR-UNSa-BCEJYS
Language of cataloging spa
Transcribing agency AR-UNSa-BCEJYS
080 ## - UNIVERSAL DECIMAL CLASSIFICATION NUMBER
Universal Decimal Classification number 330.8
Common auxiliary subdivision Historia de las teorías, Doctrinas, Dogmas económicos (pensamiento económico)
100 1# - MAIN ENTRY--PERSONAL NAME
Personal name Blaug, Mark
245 10 - TITLE STATEMENT
Title La teoría económica en retrospección
264 #1 - PRODUCTION, PUBLICATION, DISTRIBUTION, MANUFACTURE, AND COPYRIGHT NOTICE
Place of production, publication, distribution, manufacture Barcelona :
Name of producer, publisher, distributor, manufacturer Luis Miracle
Date of production, publication, distribution, manufacture, or copyright notice 1968
300 ## - PHYSICAL DESCRIPTION
Extent 907 p.
Dimensions 22 cm.
505 ## - FORMATTED CONTENTS NOTE
Formatted contents note 1. La economía preadamita - 2. Adam Smith - 3. Población, rendimientos decrecientes y renta - 4. El sistema de Ricardo - 5. La ley de Say y la teoría monetaria clásica - 6. John Stuart Mill - 7. Economía marxista - 8. Jevons y la revolución marginal - 9. Economía marshalliana: utilidad y demanda - 10. Economía marshalliana: coste y oferta - 11. La teoría de la distribución basada en la productividad marginal - 12. La teoría austríaca del capital y del interés - 13. El equilibrio general y la economía del bienestar - 14. Teoría neoclásica del dinero, el interés y los precios - 15. Keynes "versus" los clásicos
590 ## - LOCAL NOTE (RLIN)
Local note niveau_biblio:m niveau_hierar:0
700 1# - ADDED ENTRY--PERSONAL NAME
Personal name Estartús, Mario
700 1# - ADDED ENTRY--PERSONAL NAME
Personal name Arau, José Maria
856 41 - ELECTRONIC LOCATION AND ACCESS
Uniform Resource Identifier <a href="https://biblioeco.unsa.edu.ar/pmb/images/libros/La teoria Economica en retrospeccion (l23422).jpg">https://biblioeco.unsa.edu.ar/pmb/images/libros/La teoria Economica en retrospeccion (l23422).jpg</a>
Link text Imagen de portada
Electronic format type image/jpeg
942 ## - ADDED ENTRY ELEMENTS (KOHA)
Koha item type
Existencias
Withdrawn status Lost status Damaged status Not for loan Home library Current library Shelving location Date acquired Total checkouts Full call number Barcode Date last seen Price effective from Koha item type
        Biblioteca Prof. Eusebio Cleto del Rey Biblioteca Prof. Eusebio Cleto del Rey   07/04/2026   330.8 B645 L23422 07/04/2026 07/04/2026 Libro
        Biblioteca Prof. Eusebio Cleto del Rey Biblioteca Prof. Eusebio Cleto del Rey   07/04/2026   330.8 B645 L12438 07/04/2026 07/04/2026 Libro
        Biblioteca Prof. Eusebio Cleto del Rey Biblioteca Prof. Eusebio Cleto del Rey   07/04/2026   330.8 B645 L12439 07/04/2026 07/04/2026 Libro
        Biblioteca Prof. Eusebio Cleto del Rey Biblioteca Prof. Eusebio Cleto del Rey   07/04/2026   330.8 B645 L12440 07/04/2026 07/04/2026 Libro
        Biblioteca Prof. Eusebio Cleto del Rey Biblioteca Prof. Eusebio Cleto del Rey   07/04/2026   330.8 B645 L26673 07/04/2026 07/04/2026 Libro